<?xml version="1.0" encoding="UTF-8"?>
<record
    xmlns:xsi="http://www.w3.org/2001/XMLSchema-instance"
    xsi:schemaLocation="http://www.loc.gov/MARC21/slim http://www.loc.gov/standards/marcxml/schema/MARC21slim.xsd"
    xmlns="http://www.loc.gov/MARC21/slim">

  <leader>00937nam a22002297a 4500</leader>
  <controlfield tag="005">20240530110439.0</controlfield>
  <controlfield tag="008">150419s2011    ua  o  f      000 0 ara d</controlfield>
  <datafield tag="017" ind1=" " ind2=" ">
    <subfield code="a">2011/3107</subfield>
    <subfield code="b">&#x645;&#x635;&#x631; . &#x62F;&#x627;&#x631; &#x627;&#x644;&#x643;&#x62A;&#x628; &#x627;&#x644;&#x645;&#x635;&#x631;&#x64A;&#x629;</subfield>
  </datafield>
  <datafield tag="020" ind1=" " ind2=" ">
    <subfield code="a">9789774276715</subfield>
  </datafield>
  <datafield tag="040" ind1=" " ind2=" ">
    <subfield code="a">EG-CaGPL</subfield>
  </datafield>
  <datafield tag="082" ind1="0" ind2="4">
    <subfield code="2">21</subfield>
    <subfield code="a">962.064</subfield>
    <subfield code="b">&#x642;/&#x62E; &#x62C;</subfield>
  </datafield>
  <datafield tag="100" ind1="0" ind2=" ">
    <subfield code="a">&#x62E;&#x627;&#x644;&#x62F; &#x639;&#x632;&#x628;</subfield>
  </datafield>
  <datafield tag="245" ind1="1" ind2="0">
    <subfield code="a">&#x62C;&#x645;&#x627;&#x644; &#x639;&#x628;&#x62F;&#x627;&#x644;&#x646;&#x627;&#x635;&#x631; : </subfield>
    <subfield code="b">&#x645;&#x646; &#x627;&#x644;&#x642;&#x631;&#x64A;&#x629; &#x627;&#x644;&#x649; &#x627;&#x644;&#x648;&#x637;&#x646; &#x627;&#x644;&#x639;&#x631;&#x628;&#x649; &#x627;&#x644;&#x643;&#x628;&#x64A;&#x631; ( 1918 - 1972 ) /</subfield>
    <subfield code="c">&#x62E;&#x627;&#x644;&#x62F; &#x639;&#x632;&#x628; &#x61B; &#x635;&#x641;&#x627;&#x621; &#x62E;&#x644;&#x64A;&#x641;&#x629; .</subfield>
  </datafield>
  <datafield tag="250" ind1=" " ind2=" ">
    <subfield code="a">&#x637;1.</subfield>
  </datafield>
  <datafield tag="260" ind1=" " ind2=" ">
    <subfield code="a">&#x627;&#x644;&#x642;&#x627;&#x647;&#x631;&#x629; : </subfield>
    <subfield code="b">&#x627;&#x644;&#x62F;&#x627;&#x631; &#x627;&#x644;&#x645;&#x635;&#x631;&#x64A;&#x629; &#x627;&#x644;&#x644;&#x628;&#x646;&#x627;&#x646;&#x64A;&#x629; &#x60C;</subfield>
    <subfield code="c">2011.</subfield>
  </datafield>
  <datafield tag="300" ind1=" " ind2=" ">
    <subfield code="a">556 &#x635; : </subfield>
    <subfield code="b">&#x635;&#x648;&#x631; &#x61B;</subfield>
    <subfield code="c">24 &#x633;&#x645;.</subfield>
  </datafield>
  <datafield tag="600" ind1="0" ind2=" ">
    <subfield code="a">&#x62C;&#x645;&#x627;&#x644; &#x639;&#x628;&#x62F;&#x627;&#x644;&#x646;&#x627;&#x635;&#x631;</subfield>
    <subfield code="v">&#x635;&#x648;&#x631;.</subfield>
  </datafield>
  <datafield tag="651" ind1="0" ind2="4">
    <subfield code="a">&#x645;&#x635;&#x631;</subfield>
    <subfield code="x">&#x62A;&#x627;&#x631;&#x64A;&#x62E;</subfield>
    <subfield code="y">&#x627;&#x644;&#x639;&#x635;&#x631; &#x627;&#x644;&#x62D;&#x62F;&#x64A;&#x62B;</subfield>
    <subfield code="y">&#x62C;&#x645;&#x627;&#x644; &#x639;&#x628;&#x62F;&#x627;&#x644;&#x646;&#x627;&#x635;&#x631;.</subfield>
  </datafield>
  <datafield tag="700" ind1="0" ind2=" ">
    <subfield code="a">&#x635;&#x641;&#x627;&#x621; &#x62E;&#x644;&#x64A;&#x641;&#x629;</subfield>
    <subfield code="e">&#x645;&#x624;&#x644;&#x641; &#x645;&#x634;&#x627;&#x631;&#x643;</subfield>
  </datafield>
  <datafield tag="942" ind1=" " ind2=" ">
    <subfield code="2">ddc</subfield>
    <subfield code="c">BK</subfield>
  </datafield>
  <datafield tag="999" ind1=" " ind2=" ">
    <subfield code="c">61016</subfield>
    <subfield code="d">61016</subfield>
  </datafield>
  <datafield tag="952" ind1=" " ind2=" ">
    <subfield code="0">0</subfield>
    <subfield code="1">0</subfield>
    <subfield code="4">0</subfield>
    <subfield code="7">0</subfield>
    <subfield code="a">CAI</subfield>
    <subfield code="b">CAI</subfield>
    <subfield code="d">2015-04-19</subfield>
    <subfield code="l">0</subfield>
    <subfield code="o">962.064 &#x642;/&#x62E; &#x62C;</subfield>
    <subfield code="p">160220</subfield>
    <subfield code="r">2015-04-19 00:00:00</subfield>
    <subfield code="w">2015-04-19</subfield>
    <subfield code="y">BK</subfield>
  </datafield>
</record>
